Prediche quaresimali del padre F. Serafino da Vicenza capuchino, coll'aggiunta di parecchi altri discorsi dal medesimo recitati sopra varie materie opera postuma

Detalles Bibliográficos
Autor principal: Serafino da Vicenza, O. F. M. Cap
Formato: Libro
Lenguaje:Italian
Publicado: in Venezia : presso Giovanni Gatti, 1786.
Materias:
Colección:Banco de datos
Acervo:Fondo Bibliográfico Antiguo del Archivo Municipal de Orizaba
Descripción Física:[12] h., 352 p. ; 4°
Tema general:Homilética
Notas:Portada tipográfica con pleca y grabado central xilográfico. Texto a dos columnas con paginación en números arábigos. Incluye letras capitulares con motivos florales en grabado xilográfico. Encuadernación en pergamino sobre cartón. Marca de fuego: Convento de San José de la Orden de San Francisco de Orizaba, Veracruz. Sello en tinta del Archivo Municipal de Orizaba, Veracruz. Daños de humedad, polilla y en la encuadernación, hojas desprendidas
LEADER 01051nam a22001690004500
035 |a 1320 
041 0 |a ita 
100 1 |a Serafino da Vicenza, O. F. M. Cap. 
245 1 0 |a Prediche quaresimali del padre F. Serafino da Vicenza capuchino, coll'aggiunta di parecchi altri discorsi dal medesimo recitati sopra varie materie opera postuma 
260 |a in Venezia : presso Giovanni Gatti, 1786. 
300 |a [12] h., 352 p. ; 4° 
500 |a Portada tipográfica con pleca y grabado central xilográfico. Texto a dos columnas con paginación en números arábigos. Incluye letras capitulares con motivos florales en grabado xilográfico. Encuadernación en pergamino sobre cartón. Marca de fuego: Convento de San José de la Orden de San Francisco de Orizaba, Veracruz. Sello en tinta del Archivo Municipal de Orizaba, Veracruz. Daños de humedad, polilla y en la encuadernación, hojas desprendidas 
650 1 0 |a Homilética 
949 |a 1810 
942 |c ORIZABA 
943 |g Fondo Bibliográfico Antiguo del Archivo Municipal de Orizaba 
999 |c 1103270  |d 1103270